000 01042aam a2200313 i 4500
001 768714001
003 CO-MdFUSB
005 20250910114409.0
007 ta
008 250910t2003 -us |||| |||| 00| 0 spa d
020 _a0-7899-1168-X
040 _cCO-MdFUSB
041 0 _aspa
082 0 4 _223
_a268
_bW6861s
100 1 _aWilkinson, Bruce
_eautor
245 1 4 _aLas siete leyes del aprendizaje
_c/ Bruce H. Wilkinson
250 _aprimera edición
264 1 _bUnilit,
_aMiami, Florida, Estados Unidos :
_c[1996]
264 4 _c©1996
300 _a625 páginas
336 _atexto
_btxt
_2rdacontent
337 _2rdamedia
_asin mediación
_bn
338 _2rdacarrier
_avolumen
_bnc
505 _a La ley del agente. -- La ley del potencial. -- La ley de la retención. -- La ley de la ejecución. -- La ley de la ejecución. -- La ley de la necesidad. -- La ley del desarrollo. -- La ley del avivamiento.
563 _aPasta dura
653 _aEducación -- Aprendizaje -- Enseñanza
942 _cBK
945 _aJTF-925
999 _c37996
_d37996